Del amor y otros demonios

Novela que cuenta las desdichas de una niña de 12 años llamada “Sierva María de Todos los Ángeles” quién fue mordida por un perro y llevada a un convento debido a que se creía que estaba poseída; allí se enamora de Cayetano quien es encomendado para exorcizar a la niña. Historia en la que se destaca...

Cijeli opis

Spremljeno u:
Bibliografski detalji
Glavni autor: García Márquez, gabriel
Format: Knjiga
Jezik:Undetermined
Izdano: Barcelona, España Plaza & Janes 1998
Izdanje:2
Teme:
Oznake: Dodaj oznaku
Bez oznaka, Budi prvi tko označuje ovaj zapis!

MARC

LEADER 00000nam a2200000Ia 4500
008 170316s9999 xx 000 0 und d
040 |a cru BVZT 
090 |a 860 G-12de 
100 |a García Márquez, gabriel  |9 985 
245 |a Del amor y otros demonios 
250 |a 2 
260 |a Barcelona, España 
260 |b Plaza & Janes 
260 |c 1998 
300 |a 169 páginas 
520 |a Novela que cuenta las desdichas de una niña de 12 años llamada “Sierva María de Todos los Ángeles” quién fue mordida por un perro y llevada a un convento debido a que se creía que estaba poseída; allí se enamora de Cayetano quien es encomendado para exorcizar a la niña. Historia en la que se destaca la religión, las costumbres de la época y el amor 
650 |a LITERATURA LATINOAMERICANA  |9 15 
999 |c 8701  |d 8701 
942 |c SALA  |h 860 G-12de  |2 z